Distribution of ZK samples in granitoid plutons and massifs of the West Carpathians

Bibliographic Details
Main Author: Kamenický, Ladislav, 1924-2019 (Author)
Format: Article
Language:Slovak
PhysicalDescription:Obr. 1.
Subjects:

MARC

LEADER 00000nab a2200000 a 4500
001 vtls000136928
003 SK-MaSNL
005 20260304061341.0
008 250422c1982 xo 0 slo
015 |a SNBRA19rr/mm-uuuuu 
035 |a CL0147034 
035 |a urn:nbn:sk:snk-ab799r 
035 |a (uuid)243eca0e-8ec3-466c-86fa-b44beca8cc29 
035 |a (urnnbn)urn:nbn:sk:snk:ar-a079gc 
035 |a (sysno)vtls000136928 
040 |a SNKBUCL  |b slo  |c SNKBUCL  |e AACR2 
041 0 |a slo 
044 |a xo  |c SK 
080 |a 552  |2 1981 
080 |a 550.8  |2 1981 
100 1 |a Kamenický, Ladislav,  |d 1924-2019  |4 aut  |9 232738 
245 1 0 |a Distribution of ZK samples in granitoid plutons and massifs of the West Carpathians  |c Ladislav Kamenický 
300 |b Obr. 1. 
650 0 7 |a plutóny granitoidné  |2 snkbucl  |9 1345724 
650 0 7 |a masívy  |2 snkbucl  |9 1345725 
655 7 |a články zo zborníkov  |2 snkbucl  |9 166140 
773 0 |t Geologický zborník 33  |d Bratislava : Veda, 1982  |g S. 545-567 
850 |a Slovenská národná knižnica 
852 |a Slovenská národná knižnica 
954 |a odborná, vedecká literatúra pôvodná (slovenská)  |2 lita 
958 |a article27 
958 |a RK 
958 |a OND 
958 |a EUIPO 
992 |a RZB 
999 |c 2732483  |d 2734413